مكتبة جامعة عجلون الوطنية

فهرس بحث المكتبة

Normal view MARC view
  • اللغة العربية- نحو- صرف

Entry Topical Term

Number of records used in: 1

001 - CONTROL NUMBER

  • control field: 59341

003 - CONTROL NUMBER IDENTIFIER

  • control field: JO-AjAnu

005 - DATE AND TIME OF LATEST TRANSACTION

  • control field: 20230606083714.0

008 - FIXED-LENGTH DATA ELEMENTS

  • fixed length control field: 230606|| aca||aabn | a|a d

040 ## - CATALOGING SOURCE

  • Original cataloging agency: JO-AjAnu
  • Transcribing agency: JO-AjAnu

150 ## - HEADING--TOPICAL TERM

  • Topical term or geographic name entry element: اللغة العربية- نحو- صرف

670 ## - SOURCE DATA FOUND

  • Source citation: Work cat.: (JO-AjAnu)30266: تاليف عبد الحميد، محمد محي الدين, author 59340, شرح ابن عقيل قاضي القضاة بهاء الدين عبد الله بن عقيل العقيلي الهمذاني المصري على ألفية الإمام الحجة الثبت أبي عبد الله محمد جمال الدين بن مالك، ج1